000 00883nam a2200217Ii 4500
003 JO-AjNU
008 230605s9999||||xx |||||||||||||| ||und||
017 _a2007/8/2516
040 _aJO-AjNU
_bara
_erda
_cJO-AjNU
041 _aara
050 1 4 _aDS36.8.R3682 2007
100 3 _aالرقب، سعيد محمد عبد الرحمن,
_eauthor
_911966
245 0 0 _aالهوية الثقافية في الفكر التربوي العربي المعاصر وتحديات المستقبل
250 _aط1
264 3 1 _aعمان: دار يافا العلمية للنشر والتوزيع، 2007
300 _a264ص
_bقائمة المراجع ص 247-262
336 _atext
_btxt
_2rdacontent
337 _aunmediated
_bn
_2rdamedia
338 _avolume
_bnc
_2rdacarrier
650 4 _aعلم الاجتماع التربوي- سياسة ثقافية- البلاد العربية
_911967
999 _aA2595
_c6163
_d6163